[Event "Paleochora op 16th"]
[Site "Paleochora"]
[Date "2023.07.23"]
[Round "6"]
[White "Jobava, Baadur"]
[Black "Michaelides, Konstantinos"]
[Result "1-0"]
[WhiteElo "2566"]
[BlackElo "2282"]
[PlyCount "71"]
[EventDate "2023.07.19"]
[EventType "swiss"]
[EventRounds "9"]
[EventCountry "GRE"]
[SourceTitle "EXT 2024"]
[Source "ChessBase"]
[SourceDate "2023.10.10"]
[SourceVersion "1"]
[SourceVersionDate "2023.10.10"]
[SourceQuality "1"]

1. d4 Nf6 2. Bg5 d5 3. e3 g6 4. Bxf6 exf6 5. g3 c6 6. Bg2 Bd6 7. Ne2 h5 8. Nd2 Qe7 9. 0-0 h4 10. e4 dxe4 11. Nxe4 Bc7 12. d5 cxd5 13. N4c3 Be6 14. Nxd5 Bxd5 15. Qxd5 Nc6 16. Rfe1 Kf8 17. Qb5 Bb6 18. Bxc6 bxc6 19. Qxc6 Kg7 20. Nf4 Qc7 21. Qxc7 Bxc7 22. Nd5 Be5 23. c3 hxg3 24. hxg3 Rab8 25. Re2 Rh5 26. Rd1 g5 27. Kg2 Rbh8 28. Kf3 Rh2 29. Ne3 Bc7 30. Ng4 R2h7 31. Rd7 Bb6 32. Re6 f5 33. Ne5 Kf8 34. Rc6 g4+ 35. Kf4 Rg8 36. Rc8+ 1-0

[Event "Olympiad-44"]
[Site "Chennai"]
[Date "2022.08.05"]
[Round "7.1"]
[White "Msellek, Ilyass"]
[Black "Michaelides, Konstantinos"]
[Result "1-0"]
[WhiteElo "2398"]
[BlackElo "2300"]
[PlyCount "61"]
[EventDate "2022.07.29"]
[EventType "team-swiss"]
[EventRounds "11"]
[EventCountry "IND"]
[SourceTitle "CBM 210"]
[Source "ChessBase"]
[SourceDate "2022.10.31"]
[SourceVersion "1"]
[SourceVersionDate "2022.10.31"]
[SourceQuality "1"]
[WhiteTeam "Morocco"]
[BlackTeam "Cyprus"]
[WhiteTeamCountry "MAR"]
[BlackTeamCountry "CYP"]

1. e4 e5 2. Nf3 Nc6 3. Bb5 a6 4. Ba4 d6 5. 0-0 Nf6 6. Re1 Bd7 7. c3 g6 8. d4 b5 9. Bc2 Bg7 10. h3 0-0 11. Be3 Re8 12. Nbd2 Qc8 13. a3 Nd8 14. b4 Nb7 15. Rc1 a5 16. Bb3 axb4 17. axb4 Nd8 18. d5 Qb7 19. Ra1 c6 20. Rxa8 Qxa8 21. Qa1 Qb7 22. Qa2 cxd5 23. exd5 Nh5 24. c4 bxc4 25. Nxc4 Qb8 26. Nb6 Bc8 27. Rc1 Nb7 28. Qa4 Nf6 29. Qxe8+ Nxe8 30. Rxc8 Qxc8 31. Nxc8 1-0

[Event "Olympiad-44"]
[Site "Chennai"]
[Date "2022.08.03"]
[Round "6.1"]
[White "Michaelides, Konstantinos"]
[Black "Hinga, Githinji"]
[Result "1-0"]
[WhiteElo "2300"]
[BlackElo "1954"]
[PlyCount "59"]
[EventDate "2022.07.29"]
[EventType "team-swiss"]
[EventRounds "11"]
[EventCountry "IND"]
[SourceTitle "CBM 210"]
[Source "ChessBase"]
[SourceDate "2022.10.31"]
[SourceVersion "1"]
[SourceVersionDate "2022.10.31"]
[SourceQuality "1"]
[WhiteTeam "Cyprus"]
[BlackTeam "Kenya"]
[WhiteTeamCountry "CYP"]
[BlackTeamCountry "KEN"]

1. Nf3 Nf6 2. c4 c5 3. b3 b6 4. g3 Bb7 5. Bg2 e6 6. 0-0 Be7 7. Bb2 d6 8. d4 Nbd7 9. Nc3 a6 10. e3 Qc7 11. Rc1 Rc8 12. Qe2 Qb8 13. e4 Qa8 14. d5 e5 15. Nh4 g6 16. f4 Nh5 17. Nf3 Bf6 18. Bh3 Rc7 19. Na4 Qd8 20. Bxd7+ Rxd7 21. fxe5 dxe5 22. Nxe5 Bxe5 23. Bxe5 0-0 24. Ba1 f6 25. Rf2 Rdf7 26. Rcf1 Qd6 27. e5 fxe5 28. Rxf7 Rxf7 29. Rxf7 Kxf7 30. Qxe5 1-0

[Event "Titled Tuesday intern op 11th Jan"]
[Site "Chess.com INT"]
[Date "2022.01.11"]
[Round "2"]
[White "Ovezdurdiyeva, Jemal"]
[Black "Michaelides, Konstantinos"]
[Result "1-0"]
[WhiteElo "2061"]
[BlackElo "2302"]
[PlyCount "95"]
[EventDate "2022.01.11"]
[EventType "swiss (blitz)"]
[EventRounds "11"]
[EventCountry "USA"]
[SourceTitle "CBM 206 Extra"]
[Source "ChessBase"]
[SourceDate "2022.03.31"]
[SourceVersion "1"]
[SourceVersionDate "2022.03.31"]
[SourceQuality "1"]

1. e4 e6 2. d4 d5 3. Nc3 Bb4 4. Bd3 dxe4 5. Bxe4 Nf6 6. Bd3 h6 7. Nge2 c5 8. a3 Bxc3+ 9. bxc3 Nc6 10. 0-0 0-0 11. dxc5 e5 12. Ng3 Qa5 13. Be3 Qxc3 14. h3 Be6 15. Rb1 Rad8 16. Qe2 Bc8 17. Nh5 Nxh5 18. Qxh5 Rfe8 19. Rb3 Qa5 20. Qh4 Qc7 21. Rfb1 Nd4 22. Rb4 Qxc5 23. Qg3 Qe7 24. Bxh6 Qf6 25. Bg5 Qd6 26. Bxd8 Rxd8 27. Qh4 f6 28. Qh7+ Kf7 29. Bg6+ Ke6 30. Qxg7 Rd7 31. Qg8+ Ke7 32. Qf7+ Kd8 33. Qe8+ Kc7 34. Rc4+ Nc6 35. Bh5 Re7 36. Qg6 Be6 37. Rc3 Bd5 38. Bf3 Bxf3 39. Rxf3 e4 40. Rxf6 Qd2 41. Qg3+ Ne5 42. Rb5 Qd4 43. Rf5 e3 44. Rfxe5 exf2+ 45. Qxf2 Qd1+ 46. Kh2 Rxe5 47. Rxe5 Qd6 48. Qg3 1-0

[Event "EU Small Countries ol 7th"]
[Site "Sliema"]
[Date "2021.11.29"]
[Round "2.4"]
[White "Michaelides, Konstantinos"]
[Black "Darmanin, Jake"]
[Result "1-0"]
[WhiteElo "2292"]
[BlackElo "2106"]
[PlyCount "57"]
[EventDate "2021.11.28"]
[EventType "team-tourn"]
[EventRounds "9"]
[EventCountry "MLT"]
[SourceTitle "CBM 205 Extra"]
[Source "ChessBase"]
[SourceDate "2022.01.31"]
[SourceVersion "1"]
[SourceVersionDate "2022.01.31"]
[SourceQuality "1"]
[WhiteTeam "Cyprus"]
[BlackTeam "Malta"]
[WhiteTeamCountry "CYP"]
[BlackTeamCountry "MLT"]

1. d4 Nf6 2. Nf3 e6 3. Bg5 Be7 4. Nbd2 d5 5. e3 0-0 6. Bd3 Nbd7 7. c3 c5 8. Ne5 h6 9. h4 Nxe5 10. dxe5 Nd7 11. f4 f5 12. exf6 Bxf6 13. Nf3 e5 14. Bc2 d4 15. Qd3 Qb6 16. Qh7+ Kf7 17. Qg6+ Ke7 18. Bb3 hxg5 19. hxg5 c4 20. Bxc4 dxc3 21. gxf6+ Rxf6 22. Qxg7+ Kd8 23. Kf2 cxb2 24. Rad1 exf4 25. Nd4 fxe3+ 26. Ke2 Qb4 27. Qxf6+ Kc7 28. Nb5+ Qxb5 29. Qd6+ 1-0

[Event "EU Small Countries ol 7th"]
[Site "Sliema"]
[Date "2021.11.28"]
[Round "1.2"]
[White "Mannhart, Marcel"]
[Black "Michaelides, Konstantinos"]
[Result "1/2-1/2"]
[WhiteElo "2142"]
[BlackElo "2292"]
[PlyCount "126"]
[EventDate "2021.11.28"]
[EventType "team-tourn"]
[EventRounds "9"]
[EventCountry "MLT"]
[SourceTitle "CBM 205 Extra"]
[Source "ChessBase"]
[SourceDate "2022.01.31"]
[SourceVersion "1"]
[SourceVersionDate "2022.01.31"]
[SourceQuality "1"]
[WhiteTeam "Liechtenstein"]
[BlackTeam "Cyprus"]
[WhiteTeamCountry "LIE"]
[BlackTeamCountry "CYP"]

1. Nc3 Nf6 2. e4 e5 3. Bc4 Nxe4 4. Qh5 Nd6 5. Qxe5+ Qe7 6. Qxe7+ Bxe7 7. Bb3 Nf5 8. Nge2 c6 9. Nd1 d5 10. Ne3 0-0 11. d4 a5 12. a4 Re8 13. c3 Nxe3 14. Bxe3 Bf5 15. Kd2 Nd7 16. Ng3 Bg6 17. Bf4 Bh4 18. Rhe1 Rxe1 19. Rxe1 Nf8 20. Be3 Ne6 21. Ne2 Be4 22. Rg1 Re8 23. f3 Bg6 24. g3 Bd8 25. f4 Be4 26. Re1 g6 27. Ng1 h5 28. Nh3 Ng7 29. Nf2 f5 30. Nd3 Bxd3 31. Kxd3 Kf7 32. c4 Ke6 33. cxd5+ cxd5 34. Bf2+ Kd6 35. Re5 Rxe5 36. fxe5+ Kc6 37. h4 f4 38. gxf4 Ne6 39. f5 gxf5 40. Bd1 Kd7 41. Kc3 Nf4 42. Bg3 Ng6 43. Bxh5 Nxh4 44. Bf7 Kc6 45. Be6 Bg5 46. Bxh4 Bxh4 47. Bxf5 Bf2 48. Bg6 Kd7 49. Bf7 Kc6 50. Kd3 Bg1 51. Be8+ Kc7 52. Bh5 Kd7 53. Bf7 Kc6 54. Be6 b6 55. Bg8 Bf2 56. Bf7 Bg1 57. e6 Kd6 58. e7 Kxe7 59. Bxd5 Kd6 60. Bf3 Bf2 61. Kc4 Be3 62. b3 Bf2 63. Bg2 Be3 1/2-1/2

[Event "Paleochora op 14th"]
[Site "Paleochora"]
[Date "2021.07.25"]
[Round "4"]
[White "Michaelides, Konstantinos"]
[Black "Kirk, Ezra"]
[Result "1/2-1/2"]
[WhiteElo "2260"]
[BlackElo "2447"]
[PlyCount "171"]
[EventDate "2021.07.23"]
[EventType "swiss"]
[EventRounds "9"]
[EventCountry "GRE"]
[SourceTitle "EXT 2022"]
[Source "ChessBase"]
[SourceDate "2021.10.06"]
[SourceVersion "1"]
[SourceVersionDate "2021.10.06"]
[SourceQuality "1"]

1. d4 f5 2. Bg5 g6 3. Nc3 d5 4. e3 Bg7 5. h4 Nf6 6. f3 Be6 7. Qd2 Nbd7 8. 0-0-0 Bf7 9. Nh3 c6 10. Nf4 Qa5 11. Kb1 b5 12. Nxb5 Qb6 13. Nc3 e5 14. Na4 Qc7 15. Nd3 h6 16. Bxf6 Bxf6 17. c3 0-0 18. Nac5 Nxc5 19. Nxc5 e4 20. g4 fxg4 21. fxg4 g5 22. hxg5 Bxg5 23. Rh3 Qe7 24. Qh2 Kg7 25. Ba6 Rad8 26. Qg3 Bg6 27. Be2 Rf7 28. Rf1 Rxf1+ 29. Bxf1 Rf8 30. Be2 Kg8 31. Kc1 Rf6 32. Kd2 Qd6 33. Qxd6 Rxd6 34. Rh1 Be8 35. Ba6 Rf6 36. Rf1 Rxf1 37. Bxf1 Be7 38. Ba6 Kg7 39. Bc8 Kg6 40. Ke2 Bd6 41. Kf2 Kf6 42. Kg2 Ke7 43. Kh3 Bb8 44. Na6 Bd6 45. Nb4 Kd8 46. Bf5 Kc7 47. Na6+ Kb6 48. Bc8 Bf7 49. Kg2 Kb5 50. Kf2 Kb6 51. Ke2 h5 52. gxh5 Bxh5+ 53. Kd2 Bf3 54. Nb4 a5 55. Nc2 Bg2 56. Bg4 Be7 57. Ke2 Bh4 58. Ne1 Bh1 59. Kf1 c5 60. Nc2 a4 61. Kg1 Bf3 62. Bxf3 exf3 63. Kf1 cxd4 64. Nxd4 f2 65. Ke2 Kc5 66. Nf3 Bf6 67. a3 f1Q+ 68. Kxf1 Kc4 69. Nd4 Kd3 70. Kf2 Bg5 71. Nf5 Kc2 72. Ke2 Kxb2 73. Kd3 Bf6 74. Nd4 Kxa3 75. Kc2 Bg5 76. Nb5+ Ka2 77. Nc7 Bxe3 78. Nxd5 Bc5 79. Nc7 Bd6 80. Nb5 Be7 81. c4 Bf8 82. Nc7 Ka3 83. Na6 Be7 84. Nc7 Kb4 85. Nd5+ Kxc4 86. Nxe7 1/2-1/2

[Event "FIDE World Cup Europe Hybrid Qual"]
[Site "Tornelo INT"]
[Date "2021.05.25"]
[Round "1.2"]
[White "Michaelides, Konstantinos"]
[Black "Sychev, Klementy"]
[Result "1/2-1/2"]
[WhiteElo "2260"]
[BlackElo "2558"]
[PlyCount "28"]
[EventDate "2021.05.24"]
[EventType "k.o."]
[EventRounds "3"]
[EventCountry "NET"]
[SourceTitle "CBM 202 Extra"]
[Source "ChessBase"]
[SourceDate "2021.07.31"]
[SourceVersion "1"]
[SourceVersionDate "2021.07.31"]
[SourceQuality "1"]

1. d4 Nf6 2. Nf3 g6 3. Bg5 Bg7 4. Nbd2 0-0 5. e3 d6 6. Bc4 Nc6 7. 0-0 h6 8. Bh4 e5 9. dxe5 dxe5 10. e4 Qe7 11. c3 Rd8 12. Qc2 a5 13. a4 Nb8 14. Rfe1 Nbd7 1/2-1/2

[Event "EU-ch Online U18"]
[Site "Tornelo INT"]
[Date "2020.09.20"]
[Round "8"]
[White "Michaelides, Konstantinos"]
[Black "Levacic, Matej"]
[Result "0-1"]
[WhiteElo "2260"]
[BlackElo "2144"]
[PlyCount "96"]
[EventDate "2020.09.18"]
[EventType "swiss (rapid)"]
[EventRounds "9"]
[EventCountry "ENG"]
[SourceTitle "CBM 198 Extra"]
[Source "ChessBase"]
[SourceDate "2020.11.30"]
[SourceVersion "1"]
[SourceVersionDate "2020.11.30"]
[SourceQuality "1"]

1. d4 Nf6 2. c4 e6 3. g3 Bb4+ 4. Bd2 Be7 5. Bg2 d5 6. Nf3 0-0 7. 0-0 Nbd7 8. Qc2 c6 9. Bg5 h6 10. Bxf6 Bxf6 11. Nbd2 Re8 12. e4 dxc4 13. Nxc4 Nb6 14. Rfd1 Nxc4 15. Qxc4 Qb6 16. e5 Be7 17. Qc2 a5 18. a4 Rd8 19. Bf1 Bd7 20. Bd3 Be8 21. h4 c5 22. dxc5 Bxc5 23. Bh7+ Kh8 24. Be4 Bc6 25. Bxc6 Qxc6 26. Qe2 b6 27. Rxd8+ Rxd8 28. Rd1 Rd5 29. Kg2 Qxa4 30. Rxd5 exd5 31. Qd3 Qe4 32. Qxe4 dxe4 33. Nd2 Bd4 34. Nc4 a4 35. f3 b5 36. Na3 exf3+ 37. Kxf3 Bxb2 38. Nxb5 a3 39. Nxa3 Bxa3 40. Kf4 Kg8 41. Kf5 Be7 42. e6 g6+ 43. Ke5 f6+ 44. Kd5 Kf8 45. Ke4 Bd6 46. g4 Ke7 47. h5 gxh5 48. Kf5 hxg4 0-1

[Event "Online Olym Div4 B"]
[Site "Chess.com INT"]
[Date "2020.08.02"]
[Round "9.4"]
[White "Michaelides, Konstantinos"]
[Black "Nzabanita, Joseph"]
[Result "1-0"]
[WhiteElo "2260"]
[BlackElo "1798"]
[PlyCount "54"]
[EventDate "2020.07.31"]
[EventType "team-tourn (rapid)"]
[EventRounds "9"]
[EventCountry "USA"]
[SourceTitle "CBM 198"]
[Source "ChessBase"]
[SourceDate "2020.10.31"]
[SourceVersion "1"]
[SourceVersionDate "2020.10.31"]
[SourceQuality "1"]
[WhiteTeam "Cyprus"]
[BlackTeam "Rwanda"]
[WhiteTeamCountry "CYP"]
[BlackTeamCountry "RWA"]

1. d4 Nf6 2. c4 e6 3. g3 d5 4. Bg2 c6 5. Nf3 Be7 6. 0-0 0-0 7. Qc2 Nbd7 8. Nbd2 b6 9. e4 Bb7 10. e5 Ne8 11. cxd5 cxd5 12. Re1 h6 13. h4 Qc8 14. Qd1 Qc7 15. Bf1 Nb8 16. Qa4 Bc6 17. Qd1 Bb7 18. Bd3 Ba6 19. Bb1 Qd7 20. h5 f5 21. exf6 Nxf6 22. Ne5 Qd6 23. Ndf3 Nbd7 24. Ng6 Rf7 25. Bf4 Qc6 26. Nfe5 Nxe5 27. Nxe5 Qe8 1-0